|
|
|
|
| LEADER |
00000nas a2200000 a 4500 |
| 001 |
ssj0030648 |
| 003 |
WaSeSS |
| 005 |
20200512172242.0 |
| 006 |
m d |
| 007 |
cr n |
| 008 |
040611c20049999enkfr pss 0 0eng c |
| 010 |
|
|
|a 2004222410
|
| 015 |
|
|
|a GBB302597
|2 bnb
|
| 016 |
7 |
|
|a 2170471-5
|2 DE-600
|
| 016 |
7 |
|
|a 012908326
|2 Uk
|
| 022 |
|
|
|a 1742-0598
|l 1742-058X
|y 1742-058X
|
| 035 |
|
|
|a (WaSeSS)ssj0030648
|
| 040 |
|
|
|a VPI
|b eng
|c VPI
|d CLU
|d OCLCQ
|d OCL
|d OCLCQ
|d HEBIS
|d OCLCQ
|d OCLCF
|d OCLCQ
|d OCLCO
|d NLE
|d NTG
|d AU@
|d UKMGB
|d CUS
|d SFB
|d WaSeSS
|
| 042 |
|
|
|a pcc
|
| 050 |
1 |
4 |
|a HT1501
|
| 082 |
0 |
4 |
|a 301
|
| 222 |
|
0 |
|a Du Bois review (Online)
|
| 245 |
0 |
0 |
|a Du Bois review
|h [electronic resource] :
|b social science research on race.
|
| 246 |
3 |
0 |
|a Social science research on race
|
| 260 |
|
|
|a Cambridge ;
|a [New York] :
|b Cambridge University Press,
|c 2004-
|
| 310 |
|
|
|a Two issues yearly
|
| 362 |
0 |
|
|a Vol. 1, issue 1 (Mar. 2004)-
|
| 500 |
|
|
|a Title from journal homepage (publisher's Web site, viewed Sept. 1, 2004).
|
| 506 |
|
|
|a License restrictions may limit access.
|
| 538 |
|
|
|a Mode of access: World Wide Web.
|
| 650 |
|
0 |
|a Race relations
|v Periodicals.
|
| 650 |
|
0 |
|a Sociology
|v Periodicals.
|
| 650 |
|
7 |
|a Race relations.
|2 fast
|0 (OCoLC)fst01086509
|
| 650 |
|
7 |
|a Sociology.
|2 fast
|0 (OCoLC)fst01123875
|
| 655 |
|
0 |
|a Electronic journals.
|
| 776 |
0 |
8 |
|i Print version:
|t Du Bois review
|x 1742-058X
|w (DLC) 2004235743
|w (OCoLC)55701967
|
| 856 |
4 |
0 |
|z Full text available from Research Library: 03/01/2004 to 1 year ago
|u https://search.proquest.com/publication/22809
|